Mitos y recuerdos /
Guardado en:
| Autor Principal: | |
|---|---|
| Otros Autores: | |
| Formato: | Libro |
| Publicado: |
Buenos Aires :
Santillana,
2018.
|
| Series: | Loqueleo. Mitos
|
| Materias: | |
| Etiquetas: |
Agregar Etiqueta
Sin Etiquetas, Sea el primero en etiquetar este registro!
|
| LEADER | 00974nam a22002415a 4500 | ||
|---|---|---|---|
| 001 | CEM.cems019703 | ||
| 008 | 221012s2018####ag############000#0#####d | ||
| 005 | 20221012085957.0 | ||
| 245 | 1 | 0 | |a Mitos y recuerdos / |c Marcelo Birmajer ; ilustrado por Alberto Pez. |
| 260 | |a Buenos Aires : |b Santillana, |c 2018. | ||
| 300 | |a 80 p. | ||
| 490 | 0 | |a Loqueleo. Mitos | |
| 505 | 0 | |a La Ilíada -- Por una mujer -- El talón de Aquiles -- Paris contra Menelao -- La tregua -- El destino -- El sueño de Agamenón -- Los espías -- La fuerza -- Los caballos de la noche -- La Odisea -- La vuelta -- Los lotófagos -- Cíclopes -- Sirenas -- Los vientos | |
| 020 | |a 9789504645979 | ||
| 100 | 1 | |a Birmajer, Marcelo. | |
| 700 | 1 | |a Pez, Alberto; il. | |
| 082 | 0 | 4 | |a 398.2 |
| 653 | |a Literatura infantil | ||
| 653 | |a Literatura juvenil | ||
| 653 | |a Literatura Argentina | ||
| 653 | |a Mitos | ||
| 653 | |a Mitología Griega | ||
| 859 | |a CEMS |b BIB. CEMS - Inicial y Primaria |h 398.2 |i B537 |k IP |p 6221 |t Ej.1 | ||
